Clapham v Narga (Record no. 122056)
[ view plain ]
| 000 -LEADER | |
|---|---|
| fixed length control field | 01515naa a22002177a 4500 |
| 007 - PHYSICAL DESCRIPTION FIXED FIELD--GENERAL INFORMATION | |
| fixed length control field | c| aa aaaaanaa |
| 008 - FIXED-LENGTH DATA ELEMENTS--GENERAL INFORMATION | |
| fixed length control field | 241113e20241111xxk||||os||||o00| 0 eng d |
| 041 ## - LANGUAGE CODE | |
| Language code of text/sound track or separate title | eng |
| 110 ## - MAIN ENTRY--CORPORATE NAME | |
| Corporate author | Royal Courts of Justice |
| 9 (RLIN) | 4330 |
| 245 ## - TITLE STATEMENT | |
| Title | Clapham v Narga |
| 260 ## - PUBLICATION INFORMATION | |
| Place of publication | [2024] EWCA Civ 1388 |
| Publisher | Court of Appeal, |
| Date | 11 November 2024 |
| 520 ## - ABSTRACT | |
| Abstract | Appeal against decision of ChD allowed. A dispute about a strip of land where the owners on one side side had acquired it by adverse possession before first registration of the property on the other side. Exploration of Land Registration Act 1925 s.75; Land Registration Rules 1925 r.278 and the Land Registration Act 2002 s.60. The judgment stated that the purpose of the filed plan is to identify the property not to identify where its boundaries are. The whole point of the general boundaries rule, formerly found in rule 278 of the 1925 Rules and now found in s. 60 LRA 2002, is that the filed plan does not determine the exact line of the boundary. It was also argued that the defendant could have consulted the neighbouring landowners before, rather than after, purchasing Brook Barn. Had she done so, this boundary dispute may not have arisen. |
| 650 ## - KEYWORDS | |
| Keywords | ADVERSE POSSESSION |
| 650 ## - KEYWORDS | |
| Keywords | BOUNDARIES |
| 650 ## - KEYWORDS | |
| Keywords | BOUNDARY DISPUTES |
| 650 ## - KEYWORDS | |
| Keywords | LAND REGISTRATION ACT 2002 |
| 650 ## - KEYWORDS | |
| Keywords | LAND REGISTRATION ACT 1925 |
| 650 ## - KEYWORDS | |
| Keywords | VALUATION |
| 651 ## - SUBJECT ADDED ENTRY--GEOGRAPHIC NAME | |
| Geographic name | England |
| 856 ## - ONLINE RESOURCE | |
| Uniform Resource Identifier | https://caselaw.nationalarchives.gov.uk/ewca/civ/2024/1388 |
| Public note | Available from caselaw archive |
| Withdrawn status | Lost status | Damaged status | Koha normalized classification for sorting | Not for loan | Home library | Current library | Shelving location | Date acquired | Total Checkouts | Full call number | Date last seen | Price effective from | Koha item type |
|---|---|---|---|---|---|---|---|---|---|---|---|---|---|
| ONLINE_JUDGMENT | Virtual | Virtual | Online | 13/11/2024 | ONLINE JUDGMENT | 13/11/2024 | 13/11/2024 | Law report |